Teoría de la dinámica económica : Ensayo sobre los movimientos cíclicos y a largo plazo de la economía capitalista /

Esta obra estudia todos los aspectos que integran la llamada dinámica económica, desde los costos y los precios, la inversión, los factores que determinan el desarrollo del ciclo económico, la distribución del ingreso nacional las ganancias de las negociaciones, hasta las probabilidades de un desarr...

Full description

Bibliographic Details
Main Author: Kalecki, Michal
Format: Libro
Language:Spanish
Published: Mexico Fondo de Cultura Económica 1995
Edition:1a. ed. 6a. reimp.
Subjects:
Online Access:

MARC

LEADER 00000cam a2200000 a 4500
001 008735
003 UAHC_CL
005 20170803120508.0
008 080926s1995 mx 000 spa
020 |a 9681609700 
040 |a UAHC_CL  |c UAHC_CL  |d UAHC_CL 
082 0 4 |a 330.1  |b K14  |2 20 
100 1 |a Kalecki, Michal 
245 1 0 |a Teoría de la dinámica económica :  |b Ensayo sobre los movimientos cíclicos y a largo plazo de la economía capitalista /  |c M. Kalecki ; [Traducción de Felipe Pazos y Víctor L. Urquidi]. 
250 |a 1a. ed. 6a. reimp. 
260 |b Fondo de Cultura Económica  |a Mexico  |c 1995 
300 |a 183 p. 
520 |a Esta obra estudia todos los aspectos que integran la llamada dinámica económica, desde los costos y los precios, la inversión, los factores que determinan el desarrollo del ciclo económico, la distribución del ingreso nacional las ganancias de las negociaciones, hasta las probabilidades de un desarrollo a largo plazo en la economía capitalista. 
521 |a Introducción a la economía 
650 4 |a ECONOMIA  |x TEORIAS 
653 |a DERECHO 
900 |a 330.1 KAL 
942 |c BK 
952 |0 0  |1 0  |4 0  |6 330_100000000000000_KAL  |7 0  |8 General  |9 18519  |a BC  |b BC  |c General  |d 2017-08-03  |l 0  |o 330.1 KAL  |p 1365541  |r 2026-01-13 00:00:00  |t 1  |w 2017-08-03  |y BK 
952 |0 0  |1 0  |4 0  |6 330_100000000000000_KAL  |7 0  |8 General  |9 18520  |a BC  |b BC  |c General  |d 2017-08-03  |l 0  |o 330.1 KAL  |p 1365542  |r 2026-01-13 00:00:00  |t 2  |w 2017-08-03  |y BK 
952 |0 0  |1 0  |4 0  |6 330_100000000000000_KAL  |7 0  |8 General  |9 18521  |a BC  |b BC  |c General  |d 2017-08-03  |l 0  |o 330.1 KAL  |p 1365543  |r 2026-01-13 00:00:00  |t 3  |w 2017-08-03  |y BK 
999 |c 8735  |d 8735